Soprannomi nazionali di calcio - Africa - Statistics

Statistiche generali
  • Questo quiz è stato fatto 15 volte
  • Il punteggio medio è 7 su 11
Statistiche sulle risposte
Soprannome Squadra % Corretto
Al-Firaeina ("I Faraoni") Egitto
100%
Bafana Bafana ("I Ragazzi") Sudafrica
75%
Les Éléphants ("Gli Elefanti") Costa d'Avorio
67%
The Black Stars ("Le Stelle Nere") Ghana
67%
Les Aigles de Carthage ("Le Aquile di Cartagine") Tunisia
67%
les Fennecs ("Le Volpi del Deserto") Algeria
58%
أسود الأطلس ("Leoni dell'Atlante") Marocco
58%
Les Lions Indomptables (I Leoni Indomabili") Camerun
50%
Super Eagles ("Super Aquile") Nigeria
50%
Les Lions de la Teranga ("I Leoni della Teranga") Senegal
42%
Les Léopards ("I Leopardi") Repubblica Democratica del Congo
33%
Nessun quiz corrispondente trovato
Distribuzione punteggi
Percentuale di utenti per punteggio
Percentile per numero di risposta
I tuoi punteggi nel tempo
Non hai fatto questo quiz